[Event "Mercredi 2013.15.05 ABCD"]
[Site "Montreal"]
[Date "2013.06.12"]
[Round "5"]
[White "Gates, Claude-Eric"]
[Black "Fortin-Lavoie, Patrice"]
[Result "1-0"]
[WhiteElo "1677"]
[BlackElo "1617"]
[PlyCount "89"]
[EventDate "2013.05.15"]
[EventRounds "5"]
[EventCountry "CAN"]
[SourceDate "2005.09.12"]

1. c4 e5 2. g3 Nf6 3. Bg2 c6 4. Nc3 a6 5. Nf3 Qc7 6. O-O Bc5 7. d4 exd4 8. Nxd4
O-O 9. Bg5 Ng4 10. e3 d6 11. Ne4 Ne5 12. Rc1 Nbd7 13. Be7 Re8 14. Nf5 Ng6 15.
Bxd6 Bxd6 16. Nfxd6 Rd8 17. c5 Nde5 18. h3 Be6 19. b3 Qe7 20. f4 f5 21. Ng5 Nf7
22. Ngxf7 Bxf7 23. Nxf5 Qe6 24. Qc2 Nf8 25. Rfe1 Nd7 26. e4 a5 27. Qc3 Nf6 28.
Nd6 Rd7 29. Rcd1 a4 30. Nxf7 Qxf7 31. e5 Nd5 32. Qc4 Qg6 33. Bxd5+ cxd5 34. Qd3
Qh5 35. Kg2 axb3 36. Qxb3 Qe8 37. Rxd5 Rxd5 38. Qxd5+ Kh8 39. Re2 Qb5 40. Rd2
h6 41. e6 Rc8 42. Qd7 Qxc5 43. e7 Qc6+ 44. Qxc6 bxc6 45. Rd8+ 1-0

[Event "Mercredi 2013.15.05 ABCD"]
[Site "Montreal"]
[Date "2013.06.12"]
[Round "3"]
[White "Nardone, Raul"]
[Black "Heredia, Jose"]
[Result "1/2-1/2"]
[WhiteElo "1893"]
[BlackElo "1890"]
[PlyCount "83"]
[EventDate "2013.05.15"]
[EventRounds "5"]
[EventCountry "CAN"]
[SourceDate "2005.09.12"]

1. d4 d5 2. Nf3 e6 3. Bg5 Be7 4. Bxe7 Nxe7 5. Nbd2 b6 6. e4 dxe4 7. Nxe4 O-O 8.
Qd2 Bb7 9. Bd3 h6 10. O-O-O Nd5 11. h4 a5 12. c3 Nd7 13. Ne5 N5f6 14. Nxf6+
Nxf6 15. f3 Qd6 16. g4 Nd7 17. Nxd7 Qxd7 18. Bc2 h5 19. Qd3 f5 20. gxh5 Kh7 21.
Rhg1 Qe7 22. Rg5 Rf6 23. Qe3 Rg8 24. Bxf5+ Kh8 25. Bg4 Qd6 26. Re5 Bd5 27. f4
Rgf8 28. Rf1 Bxa2 29. Bd1 Bc4 30. Rf2 Qc6 31. Bc2 Qh1+ 32. Kd2 Qxh4 33. b3 Ba6
34. f5 Bc8 35. Re4 Qh1 36. Qg3 exf5 37. Re7 R6f7 38. Re1 Qd5 39. Re5 Qh1 40.
Re1 Qd5 41. Re5 Qh1 42. Re1 1/2-1/2

[Event "Mercredi 2013.15.05 ABCD"]
[Site "Montreal"]
[Date "2013.06.12"]
[Round "5"]
[White "Chesnut, Walter"]
[Black "Cote, Philippe"]
[Result "0-1"]
[WhiteElo "1597"]
[BlackElo "1725"]
[PlyCount "102"]
[EventDate "2013.05.15"]
[EventRounds "5"]
[EventCountry "CAN"]
[SourceDate "2005.09.12"]

1. e4 d6 2. d4 Nf6 3. Nc3 g6 4. Nf3 Bg7 5. Be3 O-O 6. Qd2 a6 7. Bd3 Nc6 8. d5
Nb8 9. O-O Nbd7 10. Bh6 e5 11. Bxg7 Kxg7 12. Ne2 Nh5 13. g4 Nhf6 14. h3 h5 15.
g5 Ng8 16. h4 Nc5 17. Ng3 Bh3 18. Rfe1 Qd7 19. Qe3 Nxd3 20. cxd3 c5 21. Kh2 f5
22. exf5 Bxf5 23. Nd2 Ne7 24. Qf3 Bg4 25. Qg2 Nxd5 26. Qxd5 Rxf2+ 27. Kg1 Rxd2
28. Rf1 Be6 29. Qf3 Qe7 30. Ne4 Rxb2 31. Rab1 Rxb1 32. Rxb1 Bd5 33. Qf6+ Qxf6
34. Nxf6 Bc6 35. Kf2 Rf8 36. Ke3 Rxf6 37. gxf6+ Kxf6 38. Rf1+ Kg7 39. Rf2 b5
40. a3 a5 41. Rf1 Bd5 42. Rb1 b4 43. axb4 axb4 44. Rb2 Kf6 45. Rf2+ Ke6 46. Kd2
Bc6 47. Rf8 Bd7 48. Rb8 Kd5 49. Rg8 Bf5 50. Rd8 e4 51. dxe4+ Bxe4 0-1

[Event "Mercredi 2013.15.05 ABCD"]
[Site "Montreal"]
[Date "2013.06.12"]
[Round "5"]
[White "Saha, Ananda"]
[Black "Gauthier, Luc"]
[Result "1/2-1/2"]
[WhiteElo "1778"]
[BlackElo "1760"]
[PlyCount "69"]
[EventDate "2013.05.15"]
[EventRounds "5"]
[EventCountry "CAN"]
[SourceDate "2005.09.12"]

1. d4 d5 2. Nf3 Nc6 3. g3 Bg4 4. Bg2 e6 5. O-O Nf6 6. Bf4 Bd6 7. Bxd6 Qxd6 8.
Nbd2 O-O 9. c4 Bf5 10. c5 Qe7 11. a3 a5 12. Qb3 Rab8 13. e3 Ne4 14. Nxe4 Bxe4
15. Qc3 Qf6 16. Nh4 Bxg2 17. Nxg2 e5 18. Rfd1 exd4 19. exd4 Rfe8 20. Ne3 Rbd8
21. b4 Re4 22. Nc2 Re2 23. f4 Qf5 24. Rd2 Rde8 25. Rxe2 Rxe2 26. Re1 Qe4 27.
Rxe2 Qxe2 28. bxa5 g6 29. Ne3 Nxa5 30. Nxd5 Nc4 31. Nf6+ Kf8 32. d5 Ne3 33.
Nxh7+ Kg8 34. Nf6+ Kf8 35. Nh7+ 1/2-1/2

[Event "Mercredi 2013.15.05 ABCD"]
[Site "Montreal"]
[Date "2013.06.12"]
[Round "5"]
[White "Ber, Alexandre"]
[Black "Lopez, Cesar"]
[Result "1/2-1/2"]
[WhiteElo "1777"]
[BlackElo "1784"]
[PlyCount "25"]
[EventDate "2013.05.15"]
[EventRounds "5"]
[EventCountry "CAN"]
[SourceDate "2005.09.12"]

1. d4 Nf6 2. c4 e6 3. Nf3 b6 4. g3 Bb7 5. Bg2 Bb4+ 6. Bd2 Be7 7. Nc3 Ne4 8. Qc2
Nxd2 9. Qxd2 Bb4 10. a3 Bxc3 11. Qxc3 d6 12. Qd3 Nd7 13. O-O 1/2-1/2

[Event "Mercredi 2013.15.05 ABCD"]
[Site "Montreal"]
[Date "2013.06.06"]
[Round "5"]
[White "Nardone, Raul"]
[Black "Millette, Sylvain"]
[Result "1-0"]
[WhiteElo "1893"]
[BlackElo "1802"]
[PlyCount "55"]
[EventDate "2013.05.15"]
[EventRounds "5"]
[EventCountry "CAN"]
[SourceDate "2005.09.12"]

1. c4 Nf6 2. Nc3 g6 3. g3 c5 4. Bg2 Nc6 5. e4 d6 6. Nge2 e5 7. O-O Bg7 8. d3
O-O 9. a3 Ne8 10. Rb1 f5 11. exf5 Bxf5 12. b4 Qd7 13. Be3 Nd4 14. bxc5 dxc5 15.
Rxb7 Nxe2+ 16. Qxe2 Qxd3 17. Qxd3 Bxd3 18. Rd1 Bxc4 19. Bxc5 Rf6 20. Rxg7+ Kxg7
21. Bxa8 Rf7 22. Bd5 Rc7 23. Bb4 Nf6 24. Bxc4 Rxc4 25. Nd5 a5 26. Ne3 Rd4 27.
Bc3 Rxd1+ 28. Nxd1 1-0

[Event "Mercredi 2013.15.05 ABCD"]
[Site "Montreal"]
[Date "2013.06.06"]
[Round "4"]
[White "Cote, Philippe"]
[Black "Gates, Claude-Eric"]
[Result "1-0"]
[WhiteElo "1725"]
[BlackElo "1677"]
[PlyCount "53"]
[EventDate "2013.05.15"]
[EventRounds "5"]
[EventCountry "CAN"]
[SourceDate "2005.09.12"]

1. e4 d6 2. d4 Nf6 3. Nc3 g6 4. Bg5 Bg7 5. f4 O-O 6. Nf3 Na6 7. e5 Ne8 8. Bc4
Bg4 9. h3 Bxf3 10. Qxf3 Nb4 11. O-O-O Rb8 12. Rhf1 c6 13. f5 d5 14. Bd3 Nxd3+
15. Qxd3 h6 16. Bf4 Kh7 17. h4 Rc8 18. h5 c5 19. fxg6+ Kg8 20. dxc5 fxg6 21.
Qxg6 Rc6 22. Qg3 Rxc5 23. Bxh6 Rxc3 24. bxc3 Rxf1 25. Rxf1 Qa5 26. Bxg7 Nxg7
27. h6 1-0

[Event "Newfoundland-ch"]
[Site "Portugal Cove "]
[Date "2013.04.19"]
[Round "1"]
[White "Cole, Dustin"]
[Black "Dawson, Jeffrey"]
[Result "1-0"]
[WhiteElo "1907"]
[BlackElo "1458"]
[PlyCount "97"]
[EventDate "2013.04.19"]
[EventRounds "5"]
[EventCountry "CAN"]
[SourceDate "2005.09.12"]

1. Nf3 d5 2. d4 Nf6 3. c4 c6 4. e3 Bf5 5. Nc3 e6 6. Qb3 Qc7 7. g3 Nbd7 8. cxd5
exd5 9. Bg2 Qb6 10. Qxb6 Nxb6 11. O-O Be7 12. Ne5 Nfd7 13. Nxd7 Nxd7 14. e4
dxe4 15. Nxe4 Nf6 16. Nxf6+ Bxf6 17. Re1+ Kd7 18. Be3 Rad8 19. Red1 Ke8 20. Rd2
Be6 21. b4 a6 22. a4 Bd5 23. Bf1 b5 24. axb5 axb5 25. Bg2 Bxg2 26. Kxg2 Kd7 27.
Ra7+ Ke6 28. Rc2 Rc8 29. Ra6 Kd7 30. g4 Be7 31. d5 cxd5 32. Rd2 Bxb4 33. Rxd5+
Ke7 34. Rxb5 Bd6 35. Rb7+ Rc7 36. Rbb6 Rd8 37. h4 Bc5 38. Bxc5+ Rxc5 39. Rb4
Rd6 40. Ra7+ Ke6 41. Rf4 g5 42. Rfxf7 Rc4 43. Rae7+ Kd5 44. Rf5+ Kc6 45. Rxg5
Rg6 46. Rxg6+ hxg6 47. Re6+ Kd5 48. Rxg6 Ke5 49. Kg3 1-0

[Event "Newfoundland-ch"]
[Site "Portugal Cove "]
[Date "2013.04.19"]
[Round "1"]
[White "Hambleton, Aman"]
[Black "Martin, Steve"]
[Result "1-0"]
[WhiteElo "2583"]
[BlackElo "1892"]
[PlyCount "53"]
[EventDate "2013.04.19"]
[EventRounds "5"]
[EventCountry "CAN"]
[SourceDate "2005.09.12"]

1. d4 Nf6 2. c4 e6 3. Nc3 c5 4. d5 exd5 5. cxd5 d6 6. e4 g6 7. h3 Bg7 8. Nf3
O-O 9. Bd3 a6 10. a4 Nbd7 11. O-O Ne8 12. Bf4 Ne5 13. Nxe5 dxe5 14. Be3 Qd6 15.
a5 Bd7 16. Na4 Bxa4 17. Rxa4 Nf6 18. Rc4 Nd7 19. Qc2 Rfb8 20. b4 cxb4 21. Rb1
f5 22. exf5 e4 23. Bxe4 Bc3 24. fxg6 Qe5 25. gxh7+ Kh8 26. Rxc3 bxc3 27. Qd3
1-0

[Event "Newfoundland-ch"]
[Site "Portugal Cove "]
[Date "2013.04.19"]
[Round "1"]
[White "MacIsaac, Ray"]
[Black "Spraggett, Grant"]
[Result "0-1"]
[WhiteElo "1676"]
[BlackElo "2385"]
[PlyCount "54"]
[EventDate "2013.04.19"]
[EventRounds "5"]
[EventCountry "CAN"]
[SourceDate "2005.09.12"]

1. e4 g6 2. d4 Nf6 3. Nc3 d5 4. e5 Nh5 5. Be2 Ng7 6. Bf3 c6 7. Nge2 h6 8. Be3
e6 9. g3 h5 10. h4 Be7 11. Qd2 Nd7 12. Bg5 Nf5 13. Nd1 a5 14. a4 b6 15. Bxe7
Nxe7 16. Ne3 Ba6 17. Nf4 c5 18. c4 cxd4 19. Nexd5 exd5 20. Qxd4 Nc6 21. Qxd5
Ndxe5 22. O-O-O Qxd5 23. Bxd5 O-O-O 24. b3 Nb4 25. Rhe1 Rhe8 26. Rxe5 Rxe5 27.
Bb7+ Bxb7 0-1

[Event "Newfoundland-ch"]
[Site "Portugal Cove "]
[Date "2013.04.19"]
[Round "1"]
[White "Myler, Sid"]
[Black "Leonard, Anthony"]
[Result "0-1"]
[WhiteElo "1489"]
[BlackElo "2017"]
[PlyCount "92"]
[EventDate "2013.04.19"]
[EventRounds "5"]
[EventCountry "CAN"]
[SourceDate "2005.09.12"]

1. e4 c5 2. d3 Nc6 3. Nf3 g6 4. Be2 Bg7 5. O-O Nf6 6. Re1 O-O 7. c3 e5 8. Bg5
d5 9. Nbd2 Qd6 10. h3 h6 11. Bh4 Nh5 12. Bg3 Nxg3 13. fxg3 Kh7 14. Nh2 f5 15.
exd5 Qxd5 16. Nc4 Be6 17. Bf3 e4 18. Ne3 Qxd3 19. Qxd3 exd3 20. Rad1 c4 21.
Nef1 Rfe8 22. g4 Ne5 23. gxf5 Nxf3+ 24. Nxf3 Bxf5 25. N3d2 b5 26. b3 cxb3 27.
Nxb3 Bxc3 28. Rxe8 Rxe8 29. Ng3 Re1+ 30. Rxe1 Bxe1 31. Nf1 Be6 32. g4 Bd5 33.
Nfd2 Bxb3 34. Nxb3 d2 35. Nxd2 Bxd2 36. Kf2 a5 37. Ke2 Bc3 38. Kd3 Bf6 39. Kc2
h5 40. gxh5 gxh5 41. Kd3 a4 42. Kc2 Kg6 43. Kd3 b4 44. Kc4 b3 45. axb3 a3 46.
b4 a2 0-1

[Event "Newfoundland-ch"]
[Site "Portugal Cove "]
[Date "2013.04.20"]
[Round "2"]
[White "Bradbury, Dennis"]
[Black "El-Gohary, Samir"]
[Result "1-0"]
[WhiteElo "1713"]
[BlackElo "1543"]
[PlyCount "97"]
[EventDate "2013.04.19"]
[EventRounds "5"]
[EventCountry "CAN"]
[SourceDate "2005.09.12"]

1. e4 c6 2. Nf3 d5 3. e5 Nd7 4. e6 fxe6 5. Be2 Qc7 6. d4 Nb6 7. Ne5 Nf6 8. Bf4
Nbd7 9. Bh5+ Nxh5 10. Qxh5+ g6 11. Nxg6 Qa5+ 12. Bd2 Nf6 13. Nxh8+ Nxh5 14.
Bxa5 Bg7 15. Bc7 Bxd4 16. c3 Bxh8 17. g4 Nf6 18. Be5 h6 19. Nd2 Kf7 20. Nf3 Bd7
21. g5 Ne4 22. gxh6 Kg6 23. Bxh8 Rxh8 24. Ne5+ Kf6 25. Nxd7+ Kf5 26. O-O-O Rxh6
27. Rde1 b6 28. Rhg1 Rxh2 29. Rg7 Nxf2 30. Rf7+ Kg5 31. Ne5 Rh1 32. Rxh1 Nxh1
33. Nxc6 Kg6 34. Rxe7 Kf6 35. Rxa7 Ng3 36. Ra6 b5 37. Nd4 Ne4 38. Nxe6 Ke5 39.
Nc7 b4 40. Re6+ Kf5 41. Rc6 bxc3 42. bxc3 Ke5 43. Kc2 d4 44. Re6+ Kf5 45. cxd4
Ng5 46. Re5+ Kg6 47. d5 Nf7 48. Re6+ Kg7 49. d6 1-0

[Event "Newfoundland-ch"]
[Site "Portugal Cove "]
[Date "2013.04.20"]
[Round "2"]
[White "Leonard, Anthony"]
[Black "Hambleton, Aman"]
[Result "0-1"]
[WhiteElo "2017"]
[BlackElo "2583"]
[PlyCount "36"]
[EventDate "2013.04.19"]
[EventRounds "5"]
[EventCountry "CAN"]
[SourceDate "2005.09.12"]

1. e4 b6 2. d4 Bb7 3. Bd3 Nf6 4. Qe2 Nc6 5. c3 e5 6. d5 Ne7 7. Be3 c6 8. c4
cxd5 9. cxd5 Ng6 10. a3 Bc5 11. Nd2 Bxe3 12. Qxe3 Nf4 13. Bf1 O-O 14. g3 Ng6
15. Ne2 Ng4 16. Qf3 Nh6 17. Bh3 Ba6 18. O-O Qg5 0-1

[Event "Newfoundland-ch"]
[Site "Portugal Cove "]
[Date "2013.04.20"]
[Round "2"]
[White "Martin, Steve"]
[Black "Myler, Sid"]
[Result "1-0"]
[WhiteElo "1892"]
[BlackElo "1489"]
[PlyCount "81"]
[EventDate "2013.04.19"]
[EventRounds "5"]
[EventCountry "CAN"]
[SourceDate "2005.09.12"]

1. e4 e5 2. Nc3 Nc6 3. Bc4 Bc5 4. f4 Bxg1 5. Rxg1 Qh4+ 6. Kf1 Qxh2 7. Nd5 Nd4
8. Qg4 Ne6 9. f5 Nh6 10. Qh3 Qxh3 11. gxh3 c6 12. fxe6 cxd5 13. exf7+ Kf8 14.
Bxd5 Nxf7 15. Rg3 Ke7 16. Rxg7 Rf8 17. d3 Ke8 18. Ke2 h6 19. h4 d6 20. Bd2 Rb8
21. Rf1 Nh8 22. Rxf8+ Kxf8 23. Bxh6 Ke8 24. Rg8+ Ke7 25. Bg5+ Kd7 26. Rxh8 Kc7
27. Bd8+ Kd7 28. h5 b6 29. h6 Ba6 30. Rg8 Rxd8 31. Rxd8+ Kxd8 32. h7 Ke7 33.
h8=Q b5 34. Qg7+ Kd8 35. b4 Bc8 36. Bc6 a6 37. Bb7 Bd7 38. Qf8+ Kc7 39. Bxa6
Kc6 40. Qb8 d5 41. Bxb5# 1-0

[Event "Newfoundland-ch"]
[Site "Portugal Cove "]
[Date "2013.04.20"]
[Round "2"]
[White "Oliver, Brian"]
[Black "Berson, Jordan"]
[Result "0-1"]
[WhiteElo "1477"]
[BlackElo "2021"]
[PlyCount "80"]
[EventDate "2013.04.19"]
[EventRounds "5"]
[EventCountry "CAN"]
[SourceDate "2005.09.12"]

1. e4 c6 2. d4 d5 3. Nc3 dxe4 4. Nxe4 Nd7 5. c4 Ngf6 6. Bd3 Nxe4 7. Bxe4 Nf6 8.
Bf3 Bf5 9. Ne2 e6 10. O-O Bd6 11. Nc3 Qc7 12. g3 h5 13. Bg5 Nh7 14. Be3 h4 15.
c5 Bxg3 16. fxg3 hxg3 17. Qd2 O-O-O 18. Bf4 gxh2+ 19. Bxh2 Qe7 20. Qf4 Qg5+ 21.
Bg2 Qxf4 22. Rxf4 g5 23. Rf2 Rhg8 24. Bd6 g4 25. Be4 Ng5 26. Rxf5 exf5 27.
Bxf5+ Ne6 28. Ne4 b6 29. Nf6 Rg5 30. Bd3 Kb7 31. Ne4 Rd5 32. Be5 Rxe5 33. Nd6+
Rxd6 34. cxd6 Nxd4 35. Kf2 f5 36. Bc4 c5 37. Re1 g3+ 38. Kf1 g2+ 39. Kf2 Rxe1
40. Kxe1 g1=Q+ 0-1

[Event "Newfoundland-ch"]
[Site "Portugal Cove "]
[Date "2013.04.20"]
[Round "2"]
[White "Payne, Morley"]
[Black "MacIsaac, Ray"]
[Result "0-1"]
[WhiteElo "1576"]
[BlackElo "1676"]
[PlyCount "82"]
[EventDate "2013.04.19"]
[EventRounds "5"]
[EventCountry "CAN"]
[SourceDate "2005.09.12"]

1. d4 Nf6 2. c4 g6 3. Nc3 d5 4. Nf3 Bg7 5. Bf4 c5 6. dxc5 Qa5 7. Qa4+ Qxa4 8.
Nxa4 Na6 9. Nc3 Ne4 10. Be5 f6 11. Bf4 e5 12. Bd2 Nxc3 13. Bxc3 d4 14. Bd2 Nxc5
15. e3 f5 16. exd4 exd4 17. O-O-O Bd7 18. Bb4 Ne6 19. Bd3 O-O-O 20. Be7 Rde8
21. Bd6 Bc6 22. Ne1 a5 23. f3 Rd8 24. Bg3 h5 25. h4 Rhe8 26. b3 Nc5 27. Kc2 Bh6
28. a3 Nxd3 29. Rxd3 Re2+ 30. Kb1 Rde8 31. Rd1 f4 32. Bh2 Bd7 33. Kc1 Bf5 34.
Rf1 R8e3 35. Rxd4 Rxb3 36. Kd1 Ra2 37. Rd2 Raxa3 38. Bg1 Bg7 39. Bc5 Ra4 40.
Rff2 Bc3 41. Rd6 Ra1+ 0-1

[Event "Newfoundland-ch"]
[Site "Portugal Cove "]
[Date "2013.04.20"]
[Round "2"]
[White "Spraggett, Grant"]
[Black "Cole, Dustin"]
[Result "1-0"]
[WhiteElo "2385"]
[BlackElo "1907"]
[PlyCount "104"]
[EventDate "2013.04.19"]
[EventRounds "5"]
[EventCountry "CAN"]
[SourceDate "2005.09.12"]

1. c4 Nf6 2. g3 e6 3. Nf3 b6 4. Bg2 Bb7 5. O-O Be7 6. b3 d5 7. Bb2 O-O 8. e3 c5
9. Nc3 Nbd7 10. d3 Re8 11. Qc2 Qb8 12. Rad1 a6 13. Rfe1 Qa7 14. e4 d4 15. Ne2
e5 16. h3 a5 17. Nd2 Bd6 18. f4 Qb8 19. f5 Qc7 20. Nf3 Bc6 21. a4 Kf8 22. g4 h6
23. Bc1 Ke7 24. Ng3 Rh8 25. Nh2 Nh7 26. f6+ Nhxf6 27. Nf5+ Kf8 28. Rf1 Be7 29.
Qf2 Nb8 30. h4 Be8 31. g5 hxg5 32. Bxg5 Nbd7 33. Qg3 Rg8 34. Bf3 Bd8 35. Nxg7
Rxg7 36. Bh6 Ke7 37. Bxg7 Kd6 38. Bg4 Kc6 39. h5 Nh7 40. Bf5 Ng5 41. h6 f6 42.
h7 Bh5 43. h8=Q Bxd1 44. Rxd1 Kb7 45. Qg8 Ka7 46. Qd5 Nb8 47. Bh6 Nf7 48. Qg7
Nxh6 49. Qxh6 Nc6 50. Qd7 Qxd7 51. Bxd7 Be7 52. Bxc6 Rg8+ 1-0

[Event "Newfoundland-ch"]
[Site "Portugal Cove "]
[Date "2013.04.20"]
[Round "3"]
[White "Berson, Jordan"]
[Black "Bradbury, Dennis"]
[Result "1-0"]
[WhiteElo "2021"]
[BlackElo "1713"]
[PlyCount "79"]
[EventDate "2013.04.19"]
[EventRounds "5"]
[EventCountry "CAN"]
[SourceDate "2005.09.12"]

1. d4 d5 2. c4 Nf6 3. cxd5 Nxd5 4. e4 Nb6 5. Nc3 N8d7 6. Bf4 Nf6 7. Nb5 e5 8.
Bxe5 Bb4+ 9. Ke2 O-O 10. Nxc7 Bd7 11. Nxa8 Nxa8 12. f3 Re8 13. Bxf6 Qxf6 14.
Qd3 Nb6 15. Kf2 a6 16. Qe3 Nd5 17. Qd3 Nc7 18. e5 Qb6 19. f4 Ne6 20. Ne2 Bb5
21. Qe3 f5 22. Rc1 Rd8 23. a3 Be7 24. Qb3 Kf8 25. Kg3 Nc7 26. h3 Qh6 27. Rxc7
Bc6 28. Qe3 g5 29. Rxe7 gxf4+ 30. Nxf4 Qg5+ 31. Kh2 Qxe7 32. Bc4 Rd6 33. Qg3
Qg7 34. Qxg7+ Kxg7 35. exd6 Kf8 36. Re1 b5 37. Bd5 Bxd5 38. Nxd5 h5 39. Re7 h4
40. d7 1-0

[Event "Newfoundland-ch"]
[Site "Portugal Cove "]
[Date "2013.04.20"]
[Round "3"]
[White "Cole, Dustin"]
[Black "Oliver, Brian"]
[Result "1-0"]
[WhiteElo "1907"]
[BlackElo "1477"]
[PlyCount "91"]
[EventDate "2013.04.19"]
[EventRounds "5"]
[EventCountry "CAN"]
[SourceDate "2005.09.12"]

1. Nf3 Nf6 2. c4 c5 3. g3 Nc6 4. Bg2 e5 5. O-O Be7 6. Nc3 O-O 7. e3 a6 8. d3 d6
9. Re1 Rb8 10. d4 Qc7 11. Nd5 Nxd5 12. cxd5 Nd8 13. dxe5 dxe5 14. Nd2 b5 15.
Ne4 Nb7 16. Nc3 Nd6 17. e4 b4 18. Ne2 c4 19. Be3 Bd7 20. f4 f6 21. Qc2 a5 22.
Rec1 a4 23. Kh1 Rfc8 24. a3 b3 25. Qd2 Nb5 26. Nc3 Nd6 27. fxe5 fxe5 28. Bg5
Be8 29. Bh3 Bxg5 30. Qxg5 Nf7 31. Qd2 Rd8 32. Rf1 Rb6 33. Qe3 Rf6 34. Rxf6 gxf6
35. Rf1 Rd6 36. Be6 Kg7 37. Qf2 Qe7 38. Qe2 Ng5 39. Bf5 Qc7 40. h4 Nf7 41. Qh5
h6 42. Qg6+ Kf8 43. Be6 Rxe6 44. dxe6 Qe7 45. exf7 Bxf7 46. Qxh6+ 1-0

[Event "Newfoundland-ch"]
[Site "Portugal Cove "]
[Date "2013.04.20"]
[Round "3"]
[White "Dawson, Jeffrey"]
[Black "Payne, Morley"]
[Result "0-1"]
[WhiteElo "1458"]
[BlackElo "1576"]
[PlyCount "168"]
[EventDate "2013.04.19"]
[EventRounds "5"]
[EventCountry "CAN"]
[SourceDate "2005.09.12"]

1. f4 e6 2. e3 Nf6 3. b3 b6 4. Bb2 Bb7 5. Nf3 Be7 6. Be2 c5 7. O-O d5 8. Ne5
O-O 9. Bf3 Qc7 10. d3 Nc6 11. Nxc6 Bxc6 12. c4 Rad8 13. Qe2 dxc4 14. dxc4 Qb7
15. Bxc6 Qxc6 16. Nd2 Rd7 17. Nf3 Qe4 18. Ne5 Rdd8 19. Rfe1 Nd7 20. Nf3 Bf6 21.
Bxf6 Nxf6 22. Rad1 h6 23. Rd2 Qb7 24. Red1 Qc7 25. h3 Ne4 26. Rd3 Rd6 27. Rxd6
Nxd6 28. Qd3 Rd8 29. Rd2 Nb7 30. Qe4 Rxd2 31. Nxd2 Qd7 32. Nf3 f5 33. Qe5 Qd6
34. Qxd6 Nxd6 35. Ne5 Kf8 36. Nc6 a5 37. Ne5 Ke7 38. g4 Ne4 39. Kf1 Nc3 40. a4
Ne4 41. Ke2 Nc3+ 42. Kf3 Nb1 43. Ke2 Nc3+ 44. Kf3 Na2 45. e4 Nc1 46. exf5 exf5
47. gxf5 Nxb3 48. Ke4 Nd4 49. Nf3 Nc6 50. Ne5 Nd4 51. Nf3 Kf6 52. Nxd4 cxd4 53.
Kxd4 Kxf5 54. Kd5 Kxf4 55. Kc6 g5 56. Kxb6 h5 57. c5 g4 58. c6 g3 59. c7 g2 60.
c8=Q g1=Q+ 61. Qc5 Qxc5+ 62. Kxc5 Kg3 63. Kb6 Kxh3 64. Kxa5 Kg3 65. Kb6 h4 66.
a5 h3 67. a6 h2 68. Kb7 h1=Q+ 69. Kb8 Qh8+ 70. Kb7 Qg7+ 71. Kb6 Qf6+ 72. Kb7
Qe7+ 73. Kb6 Qd6+ 74. Ka7 Qd7+ 75. Ka8 Qc8+ 76. Ka7 Kf4 77. Kb6 Qa8 78. Ka5 Qa7
79. Kb5 Ke5 80. Ka5 Kd5 81. Kb5 Qc5+ 82. Ka4 Kc6 83. Kb3 Qb6+ 84. Kc3 Qxa6 0-1

[Event "Newfoundland-ch"]
[Site "Portugal Cove "]
[Date "2013.04.20"]
[Round "3"]
[White "El-Gohary, Samir"]
[Black "MacIsaac, Ray"]
[Result "0-1"]
[WhiteElo "1543"]
[BlackElo "1676"]
[PlyCount "94"]
[EventDate "2013.04.19"]
[EventRounds "5"]
[EventCountry "CAN"]
[SourceDate "2005.09.12"]

1. f4 d5 2. e3 c5 3. Nf3 Nc6 4. b3 Nf6 5. Bb2 e6 6. a3 Be7 7. Bd3 a6 8. O-O b5
9. Ne5 Bb7 10. g4 d4 11. g5 Nxe5 12. fxe5 Qd5 13. Qe2 Qh1+ 14. Kf2 Qxh2+ 15.
Ke1 Qh4+ 16. Kd1 Nd7 17. exd4 cxd4 18. Qf2 Qxf2 19. Rxf2 Nxe5 20. Bf1 Rd8 21.
Bg2 Bxg2 22. Rxg2 Nf3 23. Ke2 Nxg5 24. c3 d3+ 25. Kf1 Rd5 26. c4 Rf5+ 27. Rf2
Bf6 28. Bxf6 Rxf6 29. Rxf6 gxf6 30. c5 Kd7 31. b4 h5 32. Kg2 h4 33. Nc3 h3+ 34.
Kg3 f5 35. Rh1 Ne4+ 36. Nxe4 fxe4 37. Rf1 f5 38. Kh2 Kc6 39. Ra1 Kd5 40. a4 f4
41. axb5 axb5 42. Rc1 e3 43. c6 Ke4 44. dxe3 fxe3 45. c7 d2 46. Rc6 d1=Q 47.
Rxe6+ Kf5 0-1

[Event "Newfoundland-ch"]
[Site "Portugal Cove "]
[Date "2013.04.20"]
[Round "3"]
[White "Hambleton, Aman"]
[Black "Spraggett, Grant"]
[Result "1/2-1/2"]
[WhiteElo "2583"]
[BlackElo "2385"]
[PlyCount "99"]
[EventDate "2013.04.19"]
[EventRounds "5"]
[EventCountry "CAN"]
[SourceDate "2005.09.12"]

1. d4 Nf6 2. c4 c5 3. d5 b5 4. cxb5 a6 5. bxa6 g6 6. Nc3 Bxa6 7. e4 Bxf1 8.
Kxf1 d6 9. Nf3 Nbd7 10. g3 Bg7 11. Kg2 O-O 12. Re1 Qb8 13. Re2 Re8 14. h3 Qb7
15. Bf4 Nb6 16. Qc2 Nh5 17. Bg5 h6 18. g4 Nf6 19. Bf4 Ra6 20. Rd1 Rb8 21. b3
Rba8 22. Nd2 Nfd7 23. Ndb1 Ne5 24. Bc1 g5 25. h4 Qc8 26. f3 Bf6 27. hxg5 hxg5
28. Rh1 Qf8 29. Rh5 Qg7 30. Be3 Ng6 31. Qd2 Nh4+ 32. Kf2 Bd4 33. Bxd4 cxd4 34.
Nb5 Rxa2 35. Qxd4 Rxe2+ 36. Kxe2 Ra2+ 37. Nd2 Qxd4 38. Nxd4 f6 39. Nf5 Ng6 40.
Ke3 Ra7 41. Rh1 Rc7 42. Kd4 Nd7 43. Nc4 Nde5 44. Rf1 Nxc4 45. bxc4 Ne5 46. Ne3
Ra7 47. Kc3 Ra3+ 48. Kd2 Ra2+ 49. Kc3 Ra3+ 50. Kd2 1/2-1/2

[Event "Newfoundland-ch"]
[Site "Portugal Cove "]
[Date "2013.04.20"]
[Round "3"]
[White "Martin, Steve"]
[Black "Leonard, Anthony"]
[Result "0-1"]
[WhiteElo "1892"]
[BlackElo "2017"]
[PlyCount "78"]
[EventDate "2013.04.19"]
[EventRounds "5"]
[EventCountry "CAN"]
[SourceDate "2005.09.12"]

1. e4 c5 2. Nc3 Nc6 3. g3 g6 4. Bg2 Bg7 5. Nge2 e6 6. O-O Nge7 7. d3 O-O 8. Bg5
Rb8 9. Qd2 b5 10. e5 Nxe5 11. Ne4 f6 12. Bf4 d6 13. a4 b4 14. Bh6 Nf5 15. Bxg7
Nxg7 16. f4 Nf7 17. d4 f5 18. Nf2 c4 19. d5 e5 20. Nd1 Qb6+ 21. Kh1 Ba6 22. c3
Ne8 23. cxb4 Qxb4 24. Nec3 Nf6 25. Rf2 Qc5 26. h3 Rb3 27. fxe5 Nxe5 28. Ne3 Nd3
29. Rxf5 Rxb2 30. Nc2 gxf5 31. Qg5+ Kh8 32. Ne3 Bc8 33. Rf1 f4 34. Ne4 Nxe4 35.
Qe7 Nef2+ 36. Rxf2 Nxf2+ 37. Kh2 fxg3+ 38. Kxg3 Ne4+ 39. Qxe4 Qxe3+ 0-1

[Event "Newfoundland-ch"]
[Site "Portugal Cove "]
[Date "2013.04.21"]
[Round "4"]
[White "Bradbury, Dennis"]
[Black "Martin, Steve"]
[Result "0-1"]
[WhiteElo "1713"]
[BlackElo "1892"]
[PlyCount "88"]
[EventDate "2013.04.19"]
[EventRounds "5"]
[EventCountry "CAN"]
[SourceDate "2005.09.12"]

1. e4 e6 2. Nf3 d5 3. e5 c5 4. d3 Nc6 5. Be2 Nge7 6. Bg5 Qc7 7. Bf4 Ng6 8. Bg3
Ngxe5 9. Nbd2 Bd6 10. Nxe5 Bxe5 11. O-O O-O 12. Nf3 Bxg3 13. fxg3 f5 14. c3 Bd7
15. b4 cxb4 16. cxb4 Nxb4 17. d4 Nc6 18. Rc1 Qa5 19. Bd3 Rac8 20. Qe2 Qb6 21.
Qf2 a6 22. Rb1 Qa7 23. Kh1 Be8 24. Rfd1 e5 25. Ng5 e4 26. Ne6 Rf6 27. Nf4 exd3
28. Nxd5 Rd6 29. Qxf5 Bd7 30. Nf6+ gxf6 31. Qh5 Qxd4 32. Rxb7 Qe4 33. Rb2 Bg4
34. Qh4 Re6 35. Rg1 Ne5 36. Rf2 Nf3 37. h3 Nxh4 38. hxg4 Qxg4 39. a4 Re2 40.
Rxe2 dxe2 41. a5 Nf3 42. gxf3 Qxf3+ 43. Kh2 e1=Q 44. Rxe1 Rc2+ 0-1

[Event "Newfoundland-ch"]
[Site "Portugal Cove "]
[Date "2013.04.21"]
[Round "4"]
[White "Cole, Dustin"]
[Black "Hambleton, Aman"]
[Result "0-1"]
[WhiteElo "1907"]
[BlackElo "2583"]
[PlyCount "76"]
[EventDate "2013.04.19"]
[EventRounds "5"]
[EventCountry "CAN"]
[SourceDate "2005.09.12"]

1. d4 e6 2. c4 Nf6 3. Nc3 Bb4 4. Qc2 c5 5. e3 O-O 6. Nf3 b6 7. Be2 Bb7 8. O-O
cxd4 9. Nxd4 a6 10. b3 Qc7 11. Bb2 Be7 12. Rac1 d6 13. Rfd1 Nbd7 14. Bf3 Rac8
15. Bxb7 Qxb7 16. Qe2 Nc5 17. Qf3 Qc7 18. Nde2 Rfd8 19. Nf4 Qb8 20. Nce2 b5 21.
cxb5 axb5 22. Nh5 Nxh5 23. Qxh5 Qa8 24. Qg4 Bf8 25. Ra1 Ne4 26. a4 f5 27. Qf3
Rc2 28. axb5 Qb8 29. Bc1 g5 30. h3 Bg7 31. Ra4 Qxb5 32. Nd4 Bxd4 33. exd4 Rxf2
34. Qh5 Qxb3 35. Ra7 Rxg2+ 36. Kh1 Rh2+ 37. Kxh2 Qg3+ 38. Kh1 Nf2# 0-1